One-Word TV Shows A-Z Quiz Stats

 Plays Quiz Updated Mar 18, 2016

Challenge
Share
Tweet
Embed
Score 0/26 Timer 05:00
1 Play Today
Letter TV Show % Correct
CCheers
80.1%
AAlias
72.8%
SSeinfeld
71.7%
HHeroes
67.8%
MMonk
65.8%
TTaxi
64%
EEntourage
62.4%
PPunk'd
60.4%
DDexter
57.9%
BBones
54.1%
WWeeds
50.1%
KKojak
43.3%
IiCarly
42.1%
Letter TV Show % Correct
FFuturama
37.4%
GGidget
32.4%
NNewsRadio
28%
QQuantico
26.9%
RRevenge
24.5%
ZZorro
20.2%
XX-Men
19.8%
LLassie
18.2%
VVega$
17.2%
JJericho
15.7%
UUnforgettable
13.5%
OOz
7.3%
YYu-Gi-Oh
3.5%

You're not logged in!

Compare scores with friends on all Sporcle quizzes.
OR
Log In

You Might Also Like...

Show Comments

Extras

Top Quizzes Today


Score Distribution

Your Account Isn't Verified!

In order to create a playlist on Sporcle, you need to verify the email address you used during registration. Go to your Sporcle Settings to finish the process.

Report this User

Report this user for behavior that violates our Community Guidelines.

Details: